Conflitos de competn̊cia tributr̀ia entre o ISS, ICMS e IPI

Detalles Bibliográficos
Autor principal: Anderle, Ricardo
Formato: eBook
Lenguaje:portugués
Publicado: San Pablo: Editora Noeses, 2016
Materias:
Acceso en línea:Acceso restringido

MARC

LEADER 00000nam a22000007a 4500
005 20210802234330.0
007 cr|||| ||||
008 210802s2016 br |||||s|||| 00||0 por d
020 |a 978-85-8310-078-2 
035 |a 34811 
040 |a vLex 
090 |c 11877  |d 11877 
100 1 |a Anderle, Ricardo 
245 1 0 |a Conflitos de competn̊cia tributr̀ia entre o ISS, ICMS e IPI  |h [Recurso electrn̤ico] /  |c Ricardo Anderle 
256 |a Servicio en ln̕ea 
260 |a San Pablo:  |b Editora Noeses,  |c 2016 
300 |a 1 recurso electrn̤ico 
500 |a A obra dedica-se ao estudo das normas de competn̊cia para instituiȯ̂ do ISS, ICMS e IPI e, analisa as materialidades de cada um desses impostos, para em seguida, traȧr o panorama dos conflitos entre o ISS, ICMS e IPI, propondo os seguintes critřios para solucion-̀los: (i) obrigaȯ̂ de fazer e dar; (ii) atividade-meio e atividade-fim; (iii) encomenda e personalizaȯ̂; (iv) destinaȯ̂ do produto; (v) lei complementar; (vi) preponderńcia qualitativa e quantitativa; (vii) preponderńcia funcional da utilidade fornecida; (viii) classificaȯ̂ econm̥ica de bem material e imaterial; (ix) especificaȯ̂ do bem produzido; (x) pessoalidade; (xi) finalidade e grau de particularizaȯ̂; (xii) propriedade dos materiais inerentes ̉operaȯ̂; (xiii) industrializaȯ̂ do produto; (xiv) quantidade de bens produzidos; (xv) esforȯ pessoal no processo produtivo. Ao final, faz profunda anl̀ise da jurisprudn̊cia dos tribunais superiores, conferindo ̉obra tambm̌ o aspecto pragmt̀ico. 
506 1 |a Disponible solo en los productos indicados  |d vLex Global  |d vLex Global (Academic Edition, excluding Law Schools)  |d vLex Global (U.S. Academic Edition, Law Schools)  |d vLex Global (U.S. Academic Edition, excluding Law Schools)  |d vLex Global (Academic Edition, Law Schools) 
650 0 4 |a Derecho Tributario  |z Brasil 
740 0 |a vLex Libros (Servicio en ln̕ea) 
856 4 0 |u https://app.vlex.com/#/sources/34811  |z Acceso restringido 
942 |c BOOK 
999 0 |a Tax Law